Antología : Cátedra de Metafísica (F-604)

Enregistré dans:
Détails bibliographiques
Auteur principal: Olarte, Teodoro
Format: Livre
Langue:Undetermined
Publié: San José, Costa Rica Universidad de Costa Rica, Departamento de Filosofía, Facultad de Ciencias y Letras 1972
Sujets:
Tags: Ajouter un tag
Pas de tags, Soyez le premier à ajouter un tag!

MARC

LEADER 00000nam a2200000Ia 4500
008 170316s9999 xx 000 0 und d
090 |a 100 O-4an 
100 |a Olarte, Teodoro 
245 |a Antología : Cátedra de Metafísica (F-604) 
260 |a San José, Costa Rica 
260 |b Universidad de Costa Rica, Departamento de Filosofía, Facultad de Ciencias y Letras 
260 |c 1972 
300 |a 19 páginas 
650 |a FILOSOFÍA - ANTOLOGÍAS 
999 |c 17204  |d 17204 
040 |a cru BVZT 
942 |c 15 D  |h 100 O-4an  |2 z